[Event "Malmo op"]
[Site "Malmo"]
[Date "2016.12.17"]
[Round "4"]
[White "Sadiku, Lorik"]
[Black "Jonsson, Oscar"]
[Result "1-0"]
[WhiteElo "1492"]
[BlackElo "1468"]
[PlyCount "65"]
[EventDate "2016.12.16"]
[EventType "swiss"]
[EventRounds "7"]
[EventCountry "SWE"]
[SourceTitle "CBM 176 Extra"]
[Source "ChessBase"]
[SourceDate "2017.03.02"]
[SourceVersion "1"]
[SourceVersionDate "2017.03.02"]
[SourceQuality "1"]

1. d4 Nf6 2. c4 e6 3. Nc3 d5 4. Bf4 Bb4 5. a3 Bxc3+ 6. bxc3 b6 7. e3 0-0 8. Bg3 Bb7 9. Nf3 Qc8 10. Be2 Nbd7 11. 0-0 c5 12. Rc1 Ne4 13. cxd5 exd5 14. Nd2 Nxg3 15. hxg3 Nf6 16. Bf3 Qd7 17. Re1 Rfe8 18. Qc2 cxd4 19. cxd4 Rac8 20. Qb2 Rxc1 21. Rxc1 Rc8 22. Be2 Rxc1+ 23. Qxc1 Qc6 24. Qb2 Qd6 25. a4 Bc6 26. Bb5 Ng4 27. Qc3 Qf6 28. Nf3 Qd6 29. Qxc6 Qxc6 30. Bxc6 Nf6 31. Kf1 Kf8 32. Ke2 Ke7 33. Nh4 1-0

[Event "Malmo op"]
[Site "Malmo"]
[Date "2014.12.14"]
[Round "6"]
[White "Lotinac, Seid"]
[Black "Sadiku, Lorik"]
[Result "1-0"]
[WhiteElo "1423"]
[BlackElo "1398"]
[PlyCount "59"]
[EventDate "2014.12.12"]
[EventType "swiss"]
[EventRounds "7"]
[EventCountry "SWE"]
[SourceTitle "EXT 2016"]
[Source "ChessBase"]
[SourceDate "2015.10.08"]
[SourceVersion "1"]
[SourceVersionDate "2015.10.08"]
[SourceQuality "1"]

1. e4 d6 2. d4 g6 3. Nf3 Bg7 4. Be3 Nc6 5. Nc3 e5 6. d5 Nb8 7. Bd3 Ne7 8. h3 f5 9. Bg5 f4 10. Qd2 0-0 11. Be2 h6 12. Bxe7 Qxe7 13. 0-0-0 a6 14. g3 h5 15. gxf4 Bh6 16. Kb1 Bxf4 17. Qd3 Nd7 18. Bf1 b5 19. Rg1 g5 20. Ne2 Nc5 21. Qc3 Nxe4 22. Qe1 Kh8 23. Nxf4 Rxf4 24. Bd3 Rxf3 25. Qxe4 Rxh3 26. Rxg5 Bg4 27. Qg6 Rxd3 28. Qh6+ Qh7 29. Qf6+ Qg7 30. Qxg7# 1-0

[Event "Malmo op"]
[Site "Malmo"]
[Date "2014.12.13"]
[Round "3"]
[White "Sadiku, Lorik"]
[Black "Jonsson, Jacob"]
[Result "0-1"]
[WhiteElo "1398"]
[BlackElo "1444"]
[PlyCount "46"]
[EventDate "2014.12.12"]
[EventType "swiss"]
[EventRounds "7"]
[EventCountry "SWE"]
[SourceTitle "EXT 2016"]
[Source "ChessBase"]
[SourceDate "2015.10.08"]
[SourceVersion "1"]
[SourceVersionDate "2015.10.08"]
[SourceQuality "1"]

1. e4 c5 2. Nf3 Nc6 3. Nc3 g6 4. d4 cxd4 5. Nxd4 Bg7 6. Be3 e6 7. Bb5 Nge7 8. 0-0 0-0 9. a3 a6 10. Bxc6 bxc6 11. Nce2 d5 12. exd5 cxd5 13. Rc1 Bb7 14. b4 Rc8 15. c3 e5 16. Nb3 Nf5 17. Bc5 Re8 18. Na5 Ba8 19. Qd3 Rxc5 20. bxc5 Qxa5 21. c4 Qxc5 22. cxd5 Qxd5 23. Qxa6 Qxg2# 0-1